[Event "POL-chT 2nd League"]
[Site "Jastrzebia Gora"]
[Date "2018.09.07"]
[Round "7.91"]
[White "Banasik, Krzysztof"]
[Black "Szmyd, Arkadiusz"]
[Result "1/2-1/2"]
[WhiteElo "2231"]
[BlackElo "2126"]
[PlyCount "141"]
[EventDate "2018.09.01"]
[EventType "team-swiss"]
[EventRounds "9"]
[EventCountry "POL"]
[SourceTitle "CBM 186 Extra"]
[Source "ChessBase"]
[SourceDate "2018.08.24"]
[SourceVersion "1"]
[SourceVersionDate "2018.08.24"]
[SourceQuality "1"]
[WhiteTeam "Prudnik LKS Zarzewie"]
[BlackTeam "Zory Roszada"]
[WhiteTeamCountry "POL"]
[BlackTeamCountry "POL"]

1. Nf3 d5 2. d4 c6 3. c4 dxc4 4. e3 b5 5. a4 Qb6 6. Be2 Nf6 7. 0-0 Bb7 8. Nc3 a6 9. Ne5 Nbd7 10. b3 cxb3 11. Qxb3 e6 12. Nxd7 Nxd7 13. Bh5 g6 14. Bf3 Be7 15. Bb2 0-0 16. Rfc1 c5 17. axb5 Bxf3 18. gxf3 cxd4 19. exd4 axb5 20. Qxb5 Rxa1 21. Rxa1 Qxb5 22. Nxb5 Rb8 23. Ra7 Rxb5 24. Rxd7 Rxb2 25. Rxe7 Kf8 26. Rd7 Rb1+ 27. Kg2 Rd1 28. Rd8+ Ke7 29. Ra8 Rxd4 30. Ra7+ Kf6 31. Rb7 h5 32. Ra7 g5 33. h3 Kg6 34. Re7 Ra4 35. Rb7 f6 36. Rb6 Kf5 37. Rc6 e5 38. Rb6 Rc4 39. Ra6 g4 40. fxg4+ hxg4 41. hxg4+ Rxg4+ 42. Kf3 Rb4 43. Ke3 Rb3+ 44. Ke2 e4 45. Kf1 Ke5 46. Kg2 f5 47. Ra8 f4 48. Re8+ Kd4 49. Rd8+ Kc3 50. Rf8 f3+ 51. Kg3 Kd3 52. Ra8 Rc3 53. Ra7 Rc1 54. Ra3+ Kd2 55. Ra2+ Ke1 56. Ra3 Kf1 57. Ra2 Kg1 58. Rb2 Re1 59. Ra2 Kh1 60. Rb2 Rg1+ 61. Kh3 Rf1 62. Kg3 Kg1 63. Ra2 Rd1 64. Rb2 Kf1 65. Ra2 Rb1 66. Rc2 Rb8 67. Rc1+ Ke2 68. Rc2+ Kd3 69. Ra2 Rb3 70. Ra8 Ke2 71. Ra2+ 1/2-1/2

[Event "POL-chT 2nd League"]
[Site "Jastrzebia Gora"]
[Date "2018.09.06"]
[Round "6.79"]
[White "Zakrzewski, Marek"]
[Black "Banasik, Krzysztof"]
[Result "1/2-1/2"]
[WhiteElo "2352"]
[BlackElo "2231"]
[PlyCount "80"]
[EventDate "2018.09.01"]
[EventType "team-swiss"]
[EventRounds "9"]
[EventCountry "POL"]
[SourceTitle "CBM 186 Extra"]
[Source "ChessBase"]
[SourceDate "2018.08.24"]
[SourceVersion "1"]
[SourceVersionDate "2018.08.24"]
[SourceQuality "1"]
[WhiteTeam "Lipno Steszew"]
[BlackTeam "Prudnik LKS Zarzewie"]
[WhiteTeamCountry "POL"]
[BlackTeamCountry "POL"]

1. c4 Nf6 2. g3 c5 3. Bg2 g6 4. Nc3 Bg7 5. Nf3 Nc6 6. 0-0 d6 7. d4 cxd4 8. Nxd4 Bd7 9. Nc2 0-0 10. b3 Qa5 11. Bb2 Qh5 12. e4 Bg4 13. f3 Bh3 14. Bxh3 Qxh3 15. Qd2 Rac8 16. Ne3 Qh5 17. Ncd5 Nxd5 18. Nxd5 Bxb2 19. Qxb2 Qe5 20. Qxe5 dxe5 21. Kf2 Kg7 22. Rfd1 Rfd8 23. Nc3 Kf6 24. Rxd8 Rxd8 25. Rd1 Rd4 26. Ke2 Rxd1 27. Nxd1 Nd4+ 28. Kf2 Ke6 29. Nb2 Kd6 30. Nd3 f6 31. f4 exf4 32. gxf4 e5 33. fxe5+ fxe5 34. c5+ Ke6 35. b4 g5 36. a4 a6 37. Nb2 Nc6 38. Nd3 Nd4 39. Nb2 Nc6 40. Nd3 Nd4 1/2-1/2

[Event "Bialystok Zamenhof Memorial-B 36th"]
[Site "Bialystok"]
[Date "2017.12.31"]
[Round "9"]
[White "Strybuk, Artsiom I"]
[Black "Banasik, Krzysztof"]
[Result "1-0"]
[WhiteElo "1956"]
[BlackElo "2163"]
[PlyCount "142"]
[EventDate "2017.12.27"]
[EventType "swiss"]
[EventRounds "9"]
[EventCountry "POL"]
[SourceTitle "CBM 182 Extra"]
[Source "ChessBase"]
[SourceDate "2018.02.23"]
[SourceVersion "1"]
[SourceVersionDate "2018.02.23"]
[SourceQuality "1"]

1. Nf3 Nf6 2. d3 c5 3. c4 Nc6 4. e3 g6 5. b3 Bg7 6. Bb2 0-0 7. Be2 b6 8. a3 Bb7 9. 0-0 d5 10. cxd5 Qxd5 11. Nbd2 Rfd8 12. Qc2 Rac8 13. Rfd1 Ne8 14. Bf1 e5 15. Nc4 Qe6 16. Rac1 Nd6 17. Bc3 Nb5 18. Bb2 Nd6 19. Nxd6 Qxd6 20. Nd2 Qe6 21. Nc4 Ne7 22. Qb1 Nf5 23. Qa1 Re8 24. b4 h5 25. Nd2 Bf8 26. bxc5 Rxc5 27. Ne4 Rxc1 28. Rxc1 Nd6 29. Nxd6 Bxd6 30. h3 Rc8 31. Rxc8+ Bxc8 32. d4 exd4 33. Bxd4 Bb7 34. Qc3 Qd5 35. Qd3 Qe4 36. Qb5 Qe7 37. a4 Bc5 38. Ba1 f6 39. a5 Kg7 40. a6 Bd5 41. Bd4 Qc7 42. Qe8 Bxd4 43. exd4 Bc6 44. Qe3 Qd6 45. Bc4 h4 46. Ba2 Bd7 47. Qd3 Qf4 48. Qc4 Bf5 49. Qf7+ Kh6 50. Qc4 Qd2 51. d5 Qe1+ 52. Kh2 Qxf2 53. Bb3 Qg3+ 54. Kh1 Qd3 55. Qxd3 Bxd3 56. d6 Bb5 57. Be6 Kg5 58. d7 Bxd7 59. Bxd7 Kf4 60. Kg1 f5 61. Kf2 g5 62. Bb5 g4 63. Bc6 Ke5 64. Ke3 Kd6 65. Be8 Ke5 66. Bb5 f4+ 67. Kf2 gxh3 68. gxh3 Kd4 69. Kf3 Kc5 70. Be8 b5 71. Kxf4 Kd5 1-0

[Event "Bialystok Zamenhof Memorial-B 36th"]
[Site "Bialystok"]
[Date "2017.12.30"]
[Round "7"]
[White "Lewtak, Dominik"]
[Black "Banasik, Krzysztof"]
[Result "1-0"]
[WhiteElo "2118"]
[BlackElo "2163"]
[PlyCount "69"]
[EventDate "2017.12.27"]
[EventType "swiss"]
[EventRounds "9"]
[EventCountry "POL"]
[SourceTitle "CBM 182 Extra"]
[Source "ChessBase"]
[SourceDate "2018.02.23"]
[SourceVersion "1"]
[SourceVersionDate "2018.02.23"]
[SourceQuality "1"]

1. e4 c5 2. Nf3 d6 3. d4 cxd4 4. Nxd4 Nf6 5. Nc3 a6 6. Bg5 e6 7. f4 h6 8. Bh4 Qb6 9. Qd2 Qxb2 10. Nb3 Qa3 11. Be2 Nbd7 12. 0-0 Be7 13. Rad1 Qb4 14. a3 Qb6+ 15. Kh1 Qc7 16. e5 dxe5 17. fxe5 Qxe5 18. Bg3 Qg5 19. Bf4 Qf5 20. Bd3 Qh5 21. Be2 Qf5 22. Bd3 Qh5 23. Rf3 Nc5 24. Be2 Nxb3 25. cxb3 0-0 26. Rg3 Qa5 27. b4 Qb6 28. Bxh6 g6 29. Bxf8 Bxf8 30. Qg5 Bg7 31. Bd3 Nh5 32. Rf3 e5 33. Nd5 Qd4 34. Ne7+ Kh8 35. Nxg6+ 1-0

[Event "Bialystok Zamenhof Memorial-B 36th"]
[Site "Bialystok"]
[Date "2017.12.29"]
[Round "6"]
[White "Karwowski, Kacper"]
[Black "Banasik, Krzysztof"]
[Result "1/2-1/2"]
[WhiteElo "2194"]
[BlackElo "2163"]
[PlyCount "77"]
[EventDate "2017.12.27"]
[EventType "swiss"]
[EventRounds "9"]
[EventCountry "POL"]
[SourceTitle "CBM 182 Extra"]
[Source "ChessBase"]
[SourceDate "2018.02.23"]
[SourceVersion "1"]
[SourceVersionDate "2018.02.23"]
[SourceQuality "1"]

1. e4 c5 2. Nf3 d6 3. d4 cxd4 4. Nxd4 Nf6 5. Nc3 a6 6. Be3 e5 7. Nb3 Be6 8. f3 h5 9. Qd2 Nbd7 10. 0-0-0 Be7 11. Nd5 Bxd5 12. exd5 a5 13. a4 0-0 14. Qf2 Nh7 15. g4 hxg4 16. fxg4 Bg5 17. h4 Bxe3+ 18. Qxe3 Qb6 19. Qe1 Rfc8 20. Bb5 Nc5 21. Nd2 Qxb5 22. axb5 Nd3+ 23. Kb1 Nxe1 24. Rhxe1 Nf6 25. g5 Nxd5 26. Ne4 Nf4 27. Nxd6 Rc5 28. c4 b6 29. b3 Ne6 30. Ne4 Rc7 31. Rd6 a4 32. Rxb6 axb3 33. Rxe6 fxe6 34. Rc1 Rca7 35. Kb2 Ra2+ 36. Kxb3 R2a3+ 37. Kb4 R3a4+ 38. Kb3 Ra3+ 39. Kb4 1/2-1/2

[Event "CZE-chT2F 1617"]
[Site "Czech Republic"]
[Date "2017.02.26"]
[Round "9.3"]
[White "Banasik, Krzysztof"]
[Black "Fargac, Martin"]
[Result "1-0"]
[WhiteElo "2248"]
[BlackElo "2237"]
[PlyCount "57"]
[EventDate "2016.10.09"]
[EventType "team-tourn"]
[EventRounds "11"]
[EventCountry "CZE"]
[SourceTitle "EXT 2022"]
[Source "ChessBase"]
[SourceDate "2021.10.06"]
[SourceVersion "1"]
[SourceVersionDate "2021.10.06"]
[SourceQuality "1"]
[WhiteTeam "Vrbno pod Pradedem"]
[BlackTeam "Trinec II"]
[WhiteTeamCountry "CZE"]
[BlackTeamCountry "CZE"]

1. e4 e5 2. Nf3 Nc6 3. Bc4 Bc5 4. 0-0 Nf6 5. d4 exd4 6. e5 d5 7. exf6 dxc4 8. fxg7 Rg8 9. Bg5 Be7 10. Bxe7 Nxe7 11. Qxd4 Qxd4 12. Nxd4 Rxg7 13. Kh1 Bd7 14. Nd2 0-0-0 15. Nxc4 Rg4 16. c3 c5 17. f3 Rg6 18. Nc2 Bf5 19. Rf2 Re6 20. N4e3 Bxc2 21. Nxc2 f5 22. g3 Rd3 23. Re1 Rxe1+ 24. Nxe1 Rd1 25. Re2 Kd7 26. f4 Nd5 27. Kg2 b5 28. Nf3 Rd3 29. Ne5+ 1-0

[Event "CZE-chT2F 1617"]
[Site "Czech Republic"]
[Date "2017.02.12"]
[Round "8.3"]
[White "Miturova, Magdalena"]
[Black "Banasik, Krzysztof"]
[Result "1/2-1/2"]
[WhiteElo "2208"]
[BlackElo "2248"]
[PlyCount "35"]
[EventDate "2016.10.09"]
[EventType "team-tourn"]
[EventRounds "11"]
[EventCountry "CZE"]
[SourceTitle "EXT 2022"]
[Source "ChessBase"]
[SourceDate "2021.10.06"]
[SourceVersion "1"]
[SourceVersionDate "2021.10.06"]
[SourceQuality "1"]
[WhiteTeam "Cesky Tesin"]
[BlackTeam "Vrbno pod Pradedem"]
[WhiteTeamCountry "CZE"]
[BlackTeamCountry "CZE"]

1. e4 e6 2. d4 d5 3. Nd2 a6 4. Ngf3 Nf6 5. exd5 exd5 6. Bd3 c5 7. dxc5 Bxc5 8. 0-0 0-0 9. Nb3 Ba7 10. h3 Nc6 11. c3 Re8 12. Bg5 h6 13. Bh4 Qd6 14. Bxf6 Qxf6 15. Nbd4 Nxd4 16. Nxd4 Bxd4 17. cxd4 Bf5 18. Bxf5 1/2-1/2